[Event "It (open)"]
[Site "masterchessopen.com Schwabisch Gmund (Germany)"]
[Date "2008.01.02"]
[Round "2"]
[White "Tuncer Ufuk (TUR)"]
[Black "Lasslop Uwe (GER)"]
[Result "1-0"]
[WhiteElo "2313"]
[BlackElo "2037"]

1.e4 e5 2.Nf3 Nc6 3.Bb5 a6 4.Ba4 Nf6 5.O-O Be7 6.Re1 b5 7.Bb3 d6 8.c3 O-O 9.h3
Nb8 10.d4 Nbd7 11.Nbd2 Bb7 12.Bc2 Re8 13.Nf1 Bf8 14.Ng3 g6 15.a4 c5 16.d5 c4
17.Bg5 Bg7 18.Qd2 Nc5 19.Nh2 Qd7 20.Qe2 Rec8 21.Nhf1 Ne8 22.Nd2 Nxa4 23.Bxa4
bxa4 24.Nxc4 Qb5 25.Na3 Qb3 26.c4 a5 27.Rec1 Ba6 28.Rc3 Rab8 {#r} 1-0

[Event "Cup World (active)"]
[Site "masterchessopen.com Odessa (Ukraine)"]
[Date "2008.01.04"]
[Round "1"]
[White "Shirov Alexei (ESP)"]
[Black "Inarkiev Ernesto (RUS)"]
[Result "0-1"]
[WhiteElo "2726"]
[BlackElo "2669"]

{ Shirov Alexei (ESP) +3 =7 -0 Inarkiev Ernesto (RUS) +1 =1 -0 } 1.e4 e5 2.Nf3
Nc6 3.Bb5 a6 4.Ba4 Nf6 5.O-O Be7 6.Re1 b5 7.Bb3 O-O 8.c3 d6 9.h3 Nb8 10.d4
Nbd7 11.Nbd2 Bb7 12.Bc2 Re8 13.Nf1 Bf8 14.Ng3 g6 15.b3 Bg7 { ?/= } 16.a4 (
16.d5 Rc8 17.c4 c6 18.Bd2 a5 19.Be3 Qc7 20.Bd3 bxc4 21.bxc4 Ba6 22.Bf1 Nc5
23.Bxc5 dxc5 24.Rb1 Bh6 25.Qc2 Rb8 26.Rxb8 Rxb8 27.dxc6 Bf4 28.Ne2 Qxc6
29.Nxf4 exf4 30.Qd2 Re8 31.e5 Nh5 32.Qxa5 Bb7 33.Nh2 f3 34.Nxf3 Nf4 35.Qd2 Ne6
{ ...1/2-1/2, Anand Viswanathan 2781 - Ponomariov Ruslan 2710 , Cap d'Agde
2003 It (active) (knockout) } ) 16...d5 17.axb5 ( 17.dxe5 Nxe4 18.Bxe4 dxe4
19.Bg5 exf3 20.Bxd8 Raxd8 21.axb5 Nxe5 22.bxa6 Rxd1 23.Rexd1 Ba8 24.gxf3 Nxf3+
25.Kf1 Bxc3 26.Rac1 Nd2+ 27.Kg1 Ba5 28.b4 Nf3+ 29.Kf1 Nh2+ 30.Kg1 Nf3+ 31.Kf1
Bb6 32.Rc2 Nh2+ 33.Kg1 Nf3+ 34.Kf1 Kf8 35.Ne2 Nh2+ 36.Kg1 Nf3+ { ...0-1, Byrne
Robert E 2595 - Spassky Boris V 2650 , San Juan 1974 Ch World (match) (cand.)
(1/4) } ) 17...Nxe4 { N } ( 17...axb5 18.Rxa8 Qxa8 19.dxe5 ( 19.exd5 Nxd5
20.Bd2 exd4 21.Rxe8+ Qxe8 22.Nxd4 b4 23.Nge2 bxc3 24.Bxc3 Nxc3 25.Nxc3 Nb6
26.Nde2 h6 27.Qd2 Qe5 28.Qe3 Nd5 29.Qxe5 Bxe5 30.Be4 Nxc3 31.Nxc3 Ba6 32.Nd5
f5 33.Bf3 Bd6 34.Ne3 Kf7 35.Nc4 Ke6 36.Kf1 Bb5 37.Ke2 { ...1/2-1/2, Andriasian
Zaven 2366 - Ragger Markus 2428 , Urgup 1. 8.2004 Ch Europe (juniors) (under
16) } ) 19...Nxe4 20.Nxe4 dxe4 21.Bxe4 ( 21.Ng5 Nxe5 22.Bxe4 Rd8 23.Qe2 Bxe4
24.Nxe4 Nd3 25.Bg5 Nxe1 26.Bxd8 Qxd8 27.Qxe1 Qe7 28.Kf1 f5 29.Ng3 Qxe1+
30.Kxe1 Bxc3+ 31.Ke2 Kf7 32.Kd3 Be1 33.Ke2 Bb4 34.Kd3 Ke6 35.Ne2 c5 36.Nf4+
Ke5 37.Ne2 { ...0-1, Adamek Zdenek 2150 - Soukal Rudolf 2155 , Ceske
Budejovice 1996 It (open) "Casino Czechoslovakia" } ) 21...Bxe4 22.Qxd7 Bxf3
23.gxf3 Bxe5 24.Kg2 Rd8 25.Qxb5 Bxc3 26.Re7 Rd5 27.Qc4 Ba1 28.Bh6 c6 29.Qa4 {
1-0, Riemersma Liafbern 2420 - Van Der Sterren Paul 2525 , Netherlands 1993 Ch
Netherlands (team) } ) 18.bxa6 Nxc3 19.Qd3 Ne4 20.Bb2 Nxg3 21.axb7 Rxa1
22.Rxa1 e4 23.Qb5 { ? } ( 23.Qd1 exf3 24.fxg3 f2+ 25.Kxf2 Qf6+ 26.Kg1 Qb6
27.Ra8 Nb8 28.Qf3 Qxb7 29.Ra5 c6 { } ) 23...c6 24.Qxc6 Ne2+ 25.Kh1 Nb8 26.Qc8
exf3 27.Qxd8 fxg2+ 28.Kxg2 Rxd8 29.Ra8 Nxd4 30.Ba3 Bf8 31.Bxf8 Kxf8 32.Bd1 Ke7
{ -4.50 CAP } {#R} 0-1

[Event "Extra League 2007/08"]
[Site "masterchessopen.com Czech Republic"]
[Date "2008.01.13"]
[Round "5"]
[White "Stehno Pavel (CZE)"]
[Black "Svoboda Milos (CZE)"]
[Result "1-0"]
[WhiteElo "2351"]
[BlackElo "2180"]

1.e4 e5 2.Nf3 Nc6 3.Bb5 a6 4.Ba4 Nf6 5.O-O Be7 6.Re1 b5 7.Bb3 d6 8.c3 O-O 9.h3
Nb8 10.d4 Nbd7 11.Nbd2 Bb7 12.Bc2 Re8 13.Nf1 Bf8 14.Ng3 g6 15.b3 Bg7 16.Bb2 h5
17.d5 Bh6 18.a4 Qe7 19.axb5 axb5 20.Qd3 c6 21.dxc6 Bxc6 22.c4 Nc5 23.Qc3 Qb7
24.cxb5 Qxb5 25.Rad1 Red8 26.Nd2 Bf4 27.Nc4 Bxg3 28.Qxg3 Ncxe4 29.Qf3 Qb4
30.Rxe4 Nxe4 31.Bxe4 Bxe4 32.Qxe4 Qxb3 33.Rxd6 Re8 34.Bxe5 Qb4 35.Rxg6+ Kf8
36.Bg7+ Kg8 37.Bc3+ {#r} 1-0

[Event "NRW Klasse 2 2007/08"]
[Site "masterchessopen.com Germany"]
[Date "2008.03.02"]
[Round "7"]
[White "Chilla Jan Eric (GER)"]
[Black "Kebbekus Thomas (GER)"]
[Result "1-0"]
[WhiteElo "2134"]
[BlackElo "2196"]

1.e4 e5 2.Nf3 Nc6 3.Bb5 a6 4.Ba4 Nf6 5.O-O Be7 6.Re1 b5 7.Bb3 d6 8.c3 O-O 9.h3
Nb8 10.d4 Nbd7 11.Nbd2 Bb7 12.Bc2 c5 13.d5 c4 14.Nf1 Nc5 15.g4 Nfd7 16.Ng3 g6
17.Bh6 Re8 18.Kg2 Bf8 19.Be3 Qc7 20.h4 a5 21.h5 a4 22.a3 Nb3 23.Bxb3 axb3
24.Rh1 Nc5 25.Qd2 Bc8 26.Rh4 Nd3 27.Rah1 Bg7 28.hxg6 hxg6 29.Bh6 f6 30.Bxg7
Nf4+ 31.Qxf4 exf4 32.Rh8+ Kf7 33.R1h7 g5 34.Bf8+ {#r} 1-0

[Event "It (open)"]
[Site "masterchessopen.com Reykjavik (Iceland)"]
[Date "2008.03.04"]
[Round "2"]
[White "Bjornsson Sigurbjorn (ISL)"]
[Black "Almer Julia (SWE)"]
[Result "1-0"]
[WhiteElo "2323"]
[BlackElo "1916"]

1.e4 e5 2.Nf3 Nc6 3.Bb5 a6 4.Ba4 Nf6 5.O-O Be7 6.Re1 b5 7.Bb3 d6 8.c3 O-O 9.h3
Nb8 10.d4 Nbd7 11.Nbd2 Bb7 12.Bc2 Re8 13.a4 Bf8 14.Bd3 c6 15.Nf1 Nb6 16.b3
bxa4 17.bxa4 c5 18.Ng3 g6 19.Bg5 Nbd7 20.Bc4 Rb8 21.Qd3 Qa5 22.dxe5 dxe5
23.Bxf6 Nxf6 24.Ng5 Re7 25.Qd6 Nd7 26.Nxf7 Kg7 27.Nf5+ gxf5 28.Qh6+ Kg8
29.Nxe5+ Kh8 30.Ng6# 1-0

[Event "It \"]
[Site "masterchessopen.com Nice (France)"]
[Date "2008.03.20"]
[Round "5"]
[White "Leko Peter (HUN)"]
[Black "Mamedyarov Shakhriyar (AZE)"]
[Result "1-0"]
[WhiteElo "2747"]
[BlackElo "2731"]

{ Leko Peter (HUN) +5 =3 -1 Mamedyarov Shakhriyar (AZE) +1 =3 -1 } 1.e4 e5
2.Nf3 Nc6 3.Bb5 a6 4.Ba4 Nf6 5.O-O Be7 6.Re1 b5 7.Bb3 d6 8.c3 O-O 9.h3 Nb8
10.d4 Nbd7 11.Nbd2 Bb7 12.Bc2 Re8 13.Nf1 ( 13.a4 Bf8 14.Bd3 c6 15.b3 g6 16.Qc2
Rc8 17.Bb2 Bg7 18.Rad1 Qc7 19.b4 Qb8 20.axb5 axb5 21.dxe5 Nxe5 22.Nxe5 Rxe5
23.c4 bxc4 24.Nxc4 Re6 25.e5 Ne8 26.exd6 Rxe1+ 27.Rxe1 Nxd6 28.Bxg7 Kxg7
29.Qb2+ Kg8 30.Ne5 Re8 31.Rd1 Re6 32.Nd7 Qd8 { ...1-0, Leko Peter 2605 - Van
Der Sterren Paul 2545 , Wijk aan Zee 1995 It (open) "Hoogovens" } ) 13...Bf8
14.Ng3 g6 15.b3 { ?/= } 15...d5 ( 15...Bg7 16.d5 Rc8 17.c4 c6 18.Bd2 a5 19.Be3
Qc7 20.Bd3 bxc4 21.bxc4 Ba6 22.Bf1 Nc5 23.Bxc5 dxc5 24.Rb1 Bh6 25.Qc2 Rb8
26.Rxb8 Rxb8 27.dxc6 Bf4 28.Ne2 Qxc6 29.Nxf4 exf4 30.Qd2 Re8 31.e5 Nh5 32.Qxa5
Bb7 33.Nh2 f3 34.Nxf3 Nf4 35.Qd2 { ...1/2-1/2, Anand Viswanathan 2781 -
Ponomariov Ruslan 2710 , Cap d'Agde 2003 It (active) (knockout) } ) ( 15...c6
16.Bg5 Bg7 17.Qd2 Qe7 18.a4 Qf8 19.Kh1 Rac8 20.axb5 cxb5 21.Bd3 h6 22.Be3 exd4
23.cxd4 d5 24.e5 Ne4 25.Qb2 f5 26.exf6 Qxf6 27.Rac1 Ndc5 28.Bb1 Nxg3+ 29.fxg3
Ne4 30.Bf4 Qb6 31.Kh2 b4 32.Be5 Rc3 33.Rf1 Bxe5 34.Nxe5 Qxd4 35.Ng4 {
...1/2-1/2, Svidler Peter 2732 - Sasikiran Krishnan 2661 , Foros 26. 6.2007 It
"Aerosvit" (cat.18) } ) 16.Bg5 { +0.07 CAP } ( 16.Nxe5 Nxe4 17.Bf4 f5 18.Ne2
b4 19.c4 dxc4 20.bxc4 Nxe5 21.Bxe5 Nxf2 22.Qc1 Rxe5 23.dxe5 Bc5 24.Kf1 Nxh3
25.Nf4 Qg5 26.Nd5 Qh4 27.Qd2 Qxc4+ 28.Re2 Ng1 29.Nf4 Kh8 30.Bb3 Qb5 31.Nxg6+
Kg7 32.Nf4 Nxe2 33.Qxe2 Qxe2+ 34.Kxe2 Be7 35.Rd1 Bc6 { ...1-0, Fedorchuk
Sergey A 2557 - Borisek Jure 2489 , Ljubljana 2003 It (open) } ) 16...Bg7 { N
} ( 16...h6 17.Bh4 g5 18.Nxg5 hxg5 19.Bxg5 exd4 20.e5 Rxe5 21.Rxe5 Nxe5
22.cxd4 Nc6 23.Qd3 Nb4 ( 23...Be7 24.Bxf6 Bxf6 25.Qh7+ Kf8 26.Nh5 Bxd4 27.Qh6+
Ke8 28.Re1+ Ne7 29.Bf5 Bc8 30.Qc6+ Kf8 31.Qh6+ Ke8 32.Qc6+ { 1/2-1/2, Gopal G
N 2528 - Adhiban B 2401 , Chennai 9. 2.2008 Ch India } ) 24.Qf3 Be7 25.Bb1 Bc8
26.Qf4 Ne4 27.Bxe7 Qxe7 28.a3 Nc6 29.Bxe4 dxe4 30.Nh5 Qd6 31.Nf6+ Kf8 32.Qh6+
Ke7 33.Ng8+ Ke8 34.Nf6+ Ke7 { 1/2-1/2, Grischuk Alexander 2710 - Mamedyarov
Shakhriyar 2728 , Moscow 11.11.2006 Memorial M.Tal (cat.20) } ) ( 16...dxe4
17.Nxe5 h6 18.Nxd7 hxg5 19.Nxf6+ Qxf6 20.Bxe4 c6 21.b4 a5 22.a3 axb4 23.axb4
Rxa1 24.Qxa1 Bc8 25.Bc2 Rxe1+ 26.Qxe1 g4 27.hxg4 Bxg4 28.Qe3 Be6 29.Be4 Bc4
30.Bf3 Be7 31.Ne4 Qf5 32.g3 Bd5 33.Kg2 Kg7 34.Kg1 Kf8 35.Kg2 Kg7 36.Qe2 {
...1-0, Kasimdzhanov Rustam 2676 - Beliavsky Alexander G 2649 , Hyderabad 2002
Cup World FIDE (1/2 final) } ) 17.dxe5 Nxe5 18.Nxe5 Rxe5 19.f4 Rxg5 20.fxg5
Ne8 21.Qf3 d4 22.Rad1 c5 23.Ne2 Qxg5 24.cxd4 cxd4 25.Nxd4 Be5 26.Qd3 Bg3
27.Rf1 Ng7 { ?! } ( 27...Nd6 { !? } 28.Qd2 Qe5 29.Ne2 Qc5+ 30.Qd4 Qxd4+
31.Nxd4 Nxe4 32.Ne2 Be5 33.Rd7 Nd6 34.Re7 f6 { } ) 28.b4 Rf8 29.Bb3 Bc8
30.Rxf7 { } {#r} 1-0

[Event "Ch Argentina (1/2 final)"]
[Site "masterchessopen.com Buenos Aires (Argentina)"]
[Date "2008.04.19"]
[Round "9"]
[White "Dos Santos Ramiro (ARG)"]
[Black "Bitelmajer Martin (ARG)"]
[Result "1-0"]
[WhiteElo "2435"]
[BlackElo "2314"]

1.e4 e5 2.Nf3 Nc6 3.Bb5 a6 4.Ba4 Nf6 5.O-O Be7 6.Re1 b5 7.Bb3 d6 8.c3 O-O 9.h3
Nb8 10.d4 Nbd7 11.Nbd2 Bb7 12.Bc2 Re8 13.Nf1 Bf8 14.Ng3 g6 15.b3 d5 16.Bg5 h6
17.Bh4 g5 18.Nxg5 hxg5 19.Bxg5 exd4 20.e5 Rxe5 21.Rxe5 Nxe5 22.cxd4 Ned7
23.Qf3 Bg7 24.Nh5 a5 25.Re1 Bh8 26.Bf5 Qf8 27.Bxf6 Bxf6 28.Bxd7 Bxd4 29.Qg4+
Bg7 30.Nf6+ Kh8 31.Re5 Ra6 32.Rh5+ Bh6 33.Rxh6+ {#r} 1-0

[Event "Olympiad (national) (youth)"]
[Site "masterchessopen.com Szczavno Zdroj (Poland)"]
[Date "2008.04.28"]
[Round "3"]
[White "Pietruszewski Marcin (POL)"]
[Black "Chomski Maciej (POL)"]
[Result "1-0"]
[WhiteElo "2027"]
[BlackElo "1802"]

1.e4 e5 2.Nf3 Nc6 3.Bb5 a6 4.Ba4 Nf6 5.O-O b5 6.Bb3 Be7 7.Re1 d6 8.c3 O-O 9.h3
Nb8 10.d4 Nbd7 11.Nbd2 Bb7 12.Bc2 c5 13.Nf1 Qc7 14.d5 c4 15.Ng3 Rfb8 16.Nf5
Bf8 17.g4 Bc8 18.g5 Ne8 19.Kg2 a5 20.h4 Nc5 21.h5 g6 22.Ne3 Ng7 23.Rh1 Rb7
24.Bd2 Ne8 25.Rh4 Nd7 26.Ng4 b4 27.Qh1 Nc5 28.hxg6 fxg6 29.Nf6+ Nxf6 30.gxf6
Raa7 31.Ng5 h5 32.Rxh5 gxh5 33.Qxh5 Bg7 34.Qe8+ Bf8 35.Rh1 {#r} 1-0

[Event "Ch Italy (team) (b)"]
[Site "masterchessopen.com Arvier (Italy)"]
[Date "2008.05.02"]
[Round "1"]
[White "Crepaldi Marco (ITA)"]
[Black "Turrin Osvaldo (ITA)"]
[Result "0-1"]
[WhiteElo "1849"]
[BlackElo "1985"]

1.e4 e5 2.Nf3 Nc6 3.Bb5 a6 4.Ba4 Nf6 5.O-O Be7 6.Re1 b5 7.Bb3 O-O 8.c3 d6 9.h3
Nb8 10.d4 Nbd7 11.Nbd2 c5 12.Nf1 Re8 13.Ng3 Bf8 14.Bc2 g6 15.d5 Nb6 16.Nh2 Bg7
17.f4 exf4 18.Bxf4 Nc4 19.b3 Ne5 20.Nf3 Nfd7 21.Nxe5 Nxe5 22.Qd2 Bxh3 23.Rf1
Bg4 24.Bd1 Qd7 25.Bg5 Ra7 26.Bf6 Bxf6 27.Rxf6 Qe7 28.Qf4 Kg7 29.Bxg4 Qxf6 {#R}
0-1

[Event "Memorial Alvise Zichichi (open)"]
[Site "masterchessopen.com Ladispoli (Italy)"]
[Date "2008.05.02"]
[Round "4"]
[White "Gamberale Francesco (ITA)"]
[Black "Placchetta Omero (ITA)"]
[Result "0-1"]
[WhiteElo "1610"]
[BlackElo "1612"]

1.e4 e5 2.Nf3 Nc6 3.Bb5 a6 4.Ba4 Nf6 5.O-O Be7 6.Re1 b5 7.Bb3 O-O 8.c3 d6 9.h3
Nb8 10.d4 Nbd7 11.Qd3 c5 12.Bc2 Bb7 13.Bg5 h6 14.Bxf6 Bxf6 15.Nbd2 c4 16.Qe2
Re8 17.a4 Nf8 18.g3 Ne6 19.d5 Ng5 20.Nxg5 Bxg5 21.Nf3 Bf6 22.Nh2 Rb8 23.f4
exf4 24.gxf4 Bxd5 25.Qg4 Bc6 26.Rad1 bxa4 27.e5 Qb6+ 28.Kf1 dxe5 29.Qf5 g6
30.Qg4 h5 31.Qg3 exf4 32.Qxf4 Rxe1+ 33.Rxe1 Bg7 34.Re7 Rf8 35.Nf3 Bxf3 36.Qxf3
Qxb2 37.Bxa4 Qxc3 38.Qd5 Qf6+ {#R} 0-1

[Event "Memorial J.Capablanca (open)"]
[Site "masterchessopen.com Habana (Cuba)"]
[Date "2008.05.10"]
[Round "3"]
[White "Gallego Andres (COL)"]
[Black "Blanco Humberto (CUB)"]
[Result "1-0"]
[WhiteElo "2365"]
[BlackElo "2434"]

1.e4 e5 2.Nf3 Nc6 3.Bb5 a6 4.Ba4 Nf6 5.O-O Be7 6.Re1 b5 7.Bb3 d6 8.c3 O-O 9.h3
Nb8 10.d4 Nbd7 11.Nbd2 Bb7 12.Bc2 Re8 13.Nf1 Bf8 14.Ng3 g6 15.b3 Bg7 16.d5 Qe7
17.Be3 c6 18.c4 Rec8 19.Qd2 Nc5 20.Rab1 a5 21.Bxc5 dxc5 22.Qg5 Re8 23.Rbd1 b4
24.d6 Qe6 25.Nf5 Nd7 26.Nh6+ Kh8 27.Rd3 Qf6 28.Qe3 Bxh6 29.Qxh6 Nf8 30.d7 Red8
31.Red1 Qe7 32.Rd6 Rxd7 33.Qxf8+ Qxf8 34.Rxd7 Ba6 35.Nxe5 Re8 36.Rxf7 Qh6
37.Ng4 Qh4 38.Nf6 {#r} 1-0

[Event "Cup Mayors (open)"]
[Site "masterchessopen.com Mumbai (India)"]
[Date "2008.05.12"]
[Round "3"]
[White "Debashish Das (IND)"]
[Black "Koneru Humpy (IND)"]
[Result "0-1"]
[WhiteElo "2309"]
[BlackElo "2618"]

1.e4 e5 2.Nf3 Nc6 3.Bb5 a6 4.Ba4 Nf6 5.O-O Be7 6.Re1 b5 7.Bb3 d6 8.c3 O-O 9.h3
Nb8 10.d4 Nbd7 11.Nbd2 Bb7 12.Bc2 Re8 13.Nf1 Bf8 14.Ng3 g6 15.b3 c6 16.Be3 h6
17.a4 Qc7 18.Qd2 Kh7 19.a5 Rad8 20.b4 Bg7 21.Rad1 exd4 22.cxd4 c5 23.bxc5 dxc5
24.Bf4 Qc8 25.d5 c4 26.h4 c3 27.Qc1 Ng4 28.h5 Qc5 29.Re2 b4 30.hxg6+ fxg6
31.Rde1 Nde5 32.Nxe5 Nxe5 33.Be3 Qxa5 34.f4 Ng4 35.f5 Rd7 {#R} 0-1

[Event "Cup Mayors (open)"]
[Site "masterchessopen.com Mumbai (India)"]
[Date "2008.05.13"]
[Round "4"]
[White "Gadekar Sagar (IND)"]
[Black "Swayams Mishra (IND)"]
[Result "0-1"]
[WhiteElo "1996"]
[BlackElo "2212"]

1.e4 e5 2.Nf3 Nc6 3.Bb5 a6 4.Ba4 Nf6 5.O-O Be7 6.Re1 b5 7.Bb3 O-O 8.c3 d6 9.h3
Nb8 10.d4 Nbd7 11.Nbd2 Bb7 12.Bc2 Re8 13.Nf1 Bf8 14.Ng3 g6 15.Bg5 h6 16.Be3
exd4 17.Bxd4 c5 18.Bxf6 Qxf6 19.Qd2 Nb6 20.Rad1 Rad8 21.Nh2 h5 22.f3 Bg7
23.Ne2 d5 24.Qe3 dxe4 25.Rxd8 Qxd8 26.Ng3 Nc4 27.Qe2 e3 28.Nhf1 f5 29.Bb3 h4
30.Nh1 Bd5 31.Rd1 Qa8 32.Bc2 Nxb2 33.Nxe3 Nxd1 34.Bxd1 Bxc3 35.Qd3 Bd4 {#R}
0-1

[Event "Memorial Em.Lasker (open)"]
[Site "masterchessopen.com Barlinek (Poland)"]
[Round "1"]
[White "Hantak Adam (GER)"]
[Black "Aliavdin Nikolai (BLR)"]
[Result "0-1"]
[WhiteElo "2078"]
[BlackElo "2343"]

1.e4 e5 2.Nf3 Nc6 3.Bb5 a6 4.Ba4 Nf6 5.O-O Be7 6.Re1 b5 7.Bb3 d6 8.c3 O-O 9.h3
Nb8 10.d4 Nbd7 11.Nbd2 Bb7 12.a4 c5 13.d5 c4 14.Bc2 Nc5 15.axb5 axb5 16.Rxa8
Qxa8 17.Nf1 Qa2 18.Ng3 g6 19.Bh6 Ra8 20.Qc1 Nfd7 21.Bb1 Qa5 22.Nh2 Qd8 23.Ng4
Ra1 24.Rf1 Nf6 25.Qe3 Nxg4 26.hxg4 Bc8 27.f4 Bxg4 28.f5 Bh4 29.Qf2 Rxb1
30.Rxb1 Nxe4 31.Nxe4 Bxf2+ 32.Nxf2 gxf5 33.Ra1 Qb8 34.Ra6 f6 {#R} 0-1

[Event "It (open) \"]
[Site "masterchessopen.com Athens (Greece)"]
[Date "2008.06.09"]
[Round "5"]
[White "Spyropoulos Georgios (GRE)"]
[Black "Draci Robert (ALB)"]
[Result "0-1"]
[WhiteElo "2193"]
[BlackElo "2186"]

1.e4 e5 2.Nf3 Nc6 3.Bb5 a6 4.Ba4 Nf6 5.O-O Be7 6.Re1 b5 7.Bb3 O-O 8.c3 d6 9.h3
Nb8 10.d4 Nbd7 11.Nbd2 Bb7 12.Bc2 Re8 13.Nf1 Bf8 14.Ng3 g6 15.dxe5 dxe5 16.Bg5
h6 17.Be3 Nc5 18.Qb1 Qe7 19.h4 Ng4 20.h5 Ne6 21.Bb3 Kh7 22.Nf5 Qf6 23.N5h4
Nxe3 24.Rxe3 Bc5 25.Bxe6 Rxe6 26.Re2 Rd6 27.Qc2 Rad8 28.a4 Qf4 29.Qb3 Bc6
30.axb5 Bxb5 31.c4 Rd3 32.Qa2 Bc6 33.Rae1 g5 34.Nf5 g4 35.Qxa6 gxf3 36.Qxc6
Qg5 37.g3 fxe2 {#R} 0-1

[Event "It (open) \"]
[Site "masterchessopen.com Koszalin (Poland)"]
[Date "2008.06.09"]
[Round "3"]
[White "Weichhold Pawel (POL)"]
[Black "Staniszewski Piotr (POL)"]
[Result "1-0"]
[WhiteElo "2133"]
[BlackElo "2384"]

1.e4 e5 2.Nf3 Nc6 3.Bb5 a6 4.Ba4 Nf6 5.O-O Be7 6.Re1 b5 7.Bb3 d6 8.c3 O-O 9.h3
Nb8 10.d4 Nbd7 11.Nbd2 Bb7 12.a4 c5 13.d5 c4 14.Bc2 Nc5 15.axb5 axb5 16.Rxa8
Qxa8 17.Nf1 Nfxe4 18.Bxe4 Nxe4 19.Rxe4 Bxd5 20.Re1 f5 21.Nxe5 Bxg2 22.Nc6 Qxc6
23.Rxe7 Bh1 24.Ne3 Rf6 25.Kh2 Be4 26.Qd4 Rg6 27.Qa7 Qc8 28.f4 h5 29.Bd2 Qc6
30.Qb8+ Kh7 31.Re8 Rf6 32.Be1 d5 33.Bh4 Re6 34.Rh8+ Kg6 35.Bg5 Qb6 36.Qg8 {#r}
1-0

[Event "It (open) \"]
[Site "masterchessopen.com Szklarska Poreba (Poland)"]
[Date "2008.06.24"]
[Round "5"]
[White "Dragun Kamil (POL)"]
[Black "Nester Igor (UKR)"]
[Result "1-0"]
[WhiteElo "2174"]
[BlackElo "2390"]

1.e4 e5 2.Nf3 Nc6 3.Bb5 a6 4.Ba4 Nf6 5.O-O Be7 6.Re1 b5 7.Bb3 d6 8.c3 O-O 9.h3
Nb8 10.d4 Nbd7 11.Nbd2 Bb7 12.Bc2 Re8 13.Nf1 Bf8 14.Ng3 g6 15.b3 c6 16.Bb2 Qc7
17.Qd2 Rad8 18.c4 bxc4 19.bxc4 exd4 20.Nxd4 d5 21.Ndf5 d4 22.Bxd4 Ne5 23.Qg5
Nfd7 24.Nh6+ Bxh6 25.Qxh6 Nf8 26.Bc3 Ne6 27.Rad1 c5 28.f4 Nxc4 29.Bb3 Rxd1
30.Rxd1 Ne3 31.Be5 Qe7 32.Re1 c4 33.Rxe3 cxb3 34.Nh5 {#r} 1-0

[Event "It (open)"]
[Site "masterchessopen.com Philadelphia (USA)"]
[Date "2008.06.28"]
[Round "4"]
[White "Becerra Rivero Julio (USA)"]
[Black "Swathi Ghate (IND)"]
[Result "1-0"]
[WhiteElo "2602"]
[BlackElo "2320"]

1.e4 e5 2.Nf3 Nc6 3.Bb5 a6 4.Ba4 Nf6 5.O-O Be7 6.Re1 b5 7.Bb3 d6 8.c3 O-O 9.h3
Nb8 10.d4 Nbd7 11.Nbd2 Bb7 12.Bc2 Re8 13.Nf1 Bf8 14.Ng3 g6 15.Bg5 h6 16.Bd2
Bg7 17.a4 Qe7 18.Bd3 c6 19.Qc2 Rec8 20.Bf1 Ne8 21.Be3 Nc7 22.Rad1 Rd8 23.h4 h5
24.Ng5 Ne6 25.Qd2 Nxg5 26.Bxg5 Bf6 27.f4 exf4 28.Qxf4 Bxg5 29.hxg5 Nf8 30.Nxh5
gxh5 31.e5 Qd7 32.Re3 Re8 33.Rh3 f6 34.gxf6 Nh7 35.Rg3+ {#r} 1-0

[Event "Ch Pan-American (juniors) (under 18)"]
[Site "masterchessopen.com Villa Carlos Paz (Argentina)"]
[Date "2008.07.02"]
[Round "4"]
[White "Diamant Andre (BRA)"]
[Black "Pena Alfredo (COL)"]
[Result "0-1"]
[WhiteElo "2412"]
[BlackElo "2309"]

1.e4 e5 2.Nf3 Nc6 3.Bb5 a6 4.Ba4 Nf6 5.O-O Be7 6.Re1 b5 7.Bb3 d6 8.c3 O-O 9.h3
Nb8 10.d4 Nbd7 11.Nbd2 Bb7 12.Bc2 Re8 13.Nf1 Bf8 14.Ng3 g6 15.b3 Bg7 16.d5 Qe7
17.c4 c6 18.Be3 b4 19.dxc6 Bxc6 20.Qd2 a5 21.Rad1 Bf8 22.Bh6 Red8 23.Re2 Nc5
24.Bxf8 Qxf8 25.Qg5 Qg7 26.Qe3 Ne8 27.Red2 f6 28.h4 Ne6 29.Bd3 Qa7 30.c5 Nxc5
31.Bc4+ Kg7 32.Nxe5 fxe5 33.Nf5+ Kh8 34.Qh6 Nf6 35.Nxd6 Rf8 {#R} 0-1

[Event "Ch Poland (team) (juniors) (extraliga)"]
[Site "masterchessopen.com Gorzow Wielkopolski (Poland)"]
[Date "2008.07.11"]
[Round "7"]
[White "Wisniowska Klaudia (POL)"]
[Black "Murawko Katarzyna (POL)"]
[Result "1-0"]
[WhiteElo "1988"]
[BlackElo "1671"]

1.e4 e5 2.Nf3 Nc6 3.Bb5 a6 4.Ba4 Nf6 5.O-O Be7 6.Re1 b5 7.Bb3 d6 8.c3 O-O 9.h3
Nb8 10.d4 Nbd7 11.Nbd2 Bb7 12.Bc2 Re8 13.Nf1 Bf8 14.Ng3 g6 15.a4 Bg7 16.Bg5 c6
17.Qd2 Qc7 18.Bb3 Rad8 19.Bh6 c5 20.Bxg7 Kxg7 21.Qg5 c4 22.Bc2 Ng8 23.h4 h6
24.Qd2 Ndf6 25.h5 Nxh5 26.Nxh5+ gxh5 27.Nh4 Ne7 28.Qe2 Rg8 29.Qxh5 Rh8 30.Re3
Rdg8 31.Rf3 Ng6 32.Nf5+ Kf8 33.axb5 Qb6 34.bxa6 Ba8 35.g3 Qxb2 36.Rb1 Nf4
37.Rxb2 {#r} 1-0

[Event "It (open)"]
[Site "masterchessopen.com Olomouc (Czech Republic)"]
[Round "1"]
[White "Dvirnyy Daniyyl (ITA)"]
[Black "Hrabal Michal (CZE)"]
[Result "1-0"]
[WhiteElo "2458"]
[BlackElo "1901"]

1.e4 e5 2.Nf3 Nc6 3.Bb5 a6 4.Ba4 Nf6 5.O-O b5 6.Bb3 Be7 7.Re1 O-O 8.h3 d6 9.c3
Nb8 10.d4 Nbd7 11.Nbd2 Bb7 12.Bc2 c5 13.Nf1 cxd4 14.cxd4 Re8 15.Ng3 Bf8 16.d5
g6 17.Be3 Bg7 18.Qd2 Rc8 19.Rac1 Kh8 20.a4 Nb6 21.b3 Rb8 22.a5 Nc8 23.Bd3 Nd7
24.b4 Ne7 25.h4 Bxd5 26.exd5 f5 27.Ng5 Rf8 28.Ne6 Qe8 29.Nxf8 Bxf8 30.Bg5 {#r}
1-0

[Event "Ch Spain (juniors) (under 18)"]
[Site "masterchessopen.com Padrun (Spain)"]
[Date "2008.08.01"]
[Round "8"]
[White "Cabrera Trujillo Jorge (ESP)"]
[Black "Garcia Moreno Carlos (ESP)"]
[Result "1-0"]
[WhiteElo "2439"]
[BlackElo "2201"]

1.e4 e5 2.Nf3 Nc6 3.Bb5 a6 4.Ba4 Nf6 5.O-O Be7 6.Re1 b5 7.Bb3 d6 8.c3 O-O 9.h3
Nb8 10.d4 Nbd7 11.c4 Bb7 12.Nc3 b4 13.Nd5 Nxd5 14.exd5 exd4 15.Nxd4 Nc5 16.Ba4
Nxa4 17.Qxa4 a5 18.a3 Bf6 19.Be3 bxa3 20.Rxa3 Re8 21.Rea1 Re4 22.Qd1 Bxd4
23.Bxd4 c5 24.Bc3 Rxc4 25.Qd3 Qh4 26.Re1 Rf4 27.g3 Qxh3 28.Qe3 h5 29.gxf4 {#r}
1-0

[Event "Memorial Kochan (open)"]
[Site "masterchessopen.com Koszalin (Poland)"]
[Date "2008.08.11"]
[Round "8"]
[White "Iwanow Anna (POL)"]
[Black "Ratajczyk Rafal (POL)"]
[Result "1-0"]
[WhiteElo "1961"]
[BlackElo "1872"]

1.e4 e5 2.Nf3 Nc6 3.Bb5 a6 4.Ba4 Nf6 5.O-O Be7 6.Re1 b5 7.Bb3 O-O 8.h3 d6 9.c3
Nb8 10.d4 Nbd7 11.Nbd2 Bb7 12.Bc2 Re8 13.Nf1 Bf8 14.Ng3 g6 15.Nh2 Bg7 16.f4
exf4 17.Bxf4 Nf8 18.Ng4 Nxg4 19.Qxg4 Ne6 20.Bd2 c5 21.d5 Nf8 22.Bf4 Qc7 23.Rf1
Nd7 24.Rf2 Ne5 25.Qe2 Rf8 26.Nf1 Nc4 27.Bb3 Ne5 28.Ne3 Rae8 29.Bc2 Nd7 30.Raf1
Nf6 31.Qf3 Nd7 32.Ng4 Ne5 33.Qg3 Bc8 34.Nh6+ Bxh6 35.Bxh6 Re7 36.Qh4 Nd7
37.Qxe7 {#r} 1-0

[Event "Ch Tatarstan (open)"]
[Site "masterchessopen.com Kazan (Russia)"]
[Date "2008.08.21"]
[Round "1"]
[White "Fedotov Ivan (RUS)"]
[Black "Ospennikov Dmitry V (RUS)"]
[Result "0-1"]
[WhiteElo "2017"]
[BlackElo "2259"]

1.e4 e5 2.Nf3 Nc6 3.Bb5 a6 4.Ba4 Nf6 5.O-O Be7 6.Re1 b5 7.Bb3 d6 8.c3 O-O 9.h3
Nb8 10.d4 Nbd7 11.Nbd2 Bb7 12.Bc2 Re8 13.Nf1 Bf8 14.Ng3 g6 15.a4 c6 16.axb5
axb5 17.Rxa8 Qxa8 18.dxe5 dxe5 19.Qe2 b4 20.cxb4 Ba6 21.Bd3 Bxd3 22.Qxd3 Bxb4
23.Bd2 Qa5 24.Rc1 Bxd2 25.Nxd2 Rb8 26.Rxc6 Rxb2 27.Rc8+ Kg7 28.Nf5+ gxf5
29.Qg3+ Kh6 30.Qh4+ Kg6 31.Nf3 h6 32.Rh8 Qa1+ 33.Kh2 Qc1 34.Qg3+ Ng4+ 35.hxg4
Kg7 36.Rd8 f4 {#R} 0-1